000 00218nam a2200097Ia 4500
008 170619s9999 xx 000 0 und d
100 _aKumar- S
245 0 _aBuilding Construction
260 _bStandarrd Pub.
260 _c2012
546 _aENGLISH
999 _c21575
_d21575